Movie Misquotes Quiz Stats

 Plays Quiz not verified by Sporcle

Score 0/21 Timer 06:00
0 Plays Today
Movie Misquote Movie % Correct
My name is ShirleyAirplane
82.4%
We're on top of the world!Titanic
81.9%
There's a dead person.The Sixth Sense
78.5%
Two questions: Are you lucky? And are you a punk?Dirty Harry
75.6%
Unhand me, you baboon!Planet of the Apes
74.2%
Frank, I don't care!Gone with the Wind
72%
Roads? Where I'm from, they don't have roads.Back to the Future
71.7%
Don't give them your lives or freedomBraveheart
66.2%
What can you do with my nipples?Meet the Parents
65.7%
Why couldn't it have been spiders?Raiders of the Lost Ark
61.6%
No, it wasn't the movie Airplane. It was Beauty and the BeastKing Kong
53.6%
Movie Misquote Movie % Correct
To the Horizon!Toy Story
50%
Excuse me sir, was that directed at me?Taxi Driver
48.8%
How dare you cry!A League of Their Own
47.6%
We're not understanding each other here.Cool Hand Luke
44.7%
We're going to eat the same thing.When Harry Met Sally
31.9%
This is my walking space!Midnight Cowboy
28.3%
You're the dog now, man!Finding Forrester
13.5%
You can't do these things, AhabFinding Nemo
12.3%
Do these stairs go up?Ghostbusters
6.3%
I wish I liked bubbles.Knocked Up
5.1%

You're not logged in!

Compare scores with friends on all Sporcle quizzes.
OR
Log In

Show Comments

Extras

Created Nov 16, 2010ReportNominate
Tags:Movie Quotes Quiz, misquote

Top Quizzes Today


Score Distribution

Your Account Isn't Verified!

In order to create a playlist on Sporcle, you need to verify the email address you used during registration. Go to your Sporcle Settings to finish the process.

Report this User

Report this user for behavior that violates our Community Guidelines.

Details: